<?xml version="1.0" encoding="UTF-8"?>
<collection xmlns="http://www.loc.gov/MARC21/slim">
<record>
  <controlfield tag="000">01736ctm\a2200349Ki\4500</controlfield>
  <controlfield tag="001">193387</controlfield>
  <controlfield tag="005">20251009095845.0</controlfield>
  <controlfield tag="008">040510s1624\\\\enk\\\\\\\\\\\000\0\eng\d</controlfield>
  <datafield tag="035" ind1=" " ind2=" ">
    <subfield code="a">(OCoLC)ocn311266575</subfield>
  </datafield>
  <datafield tag="035" ind1=" " ind2=" ">
    <subfield code="a">(OCoLC)311266575</subfield>
  </datafield>
  <datafield tag="035" ind1=" " ind2=" ">
    <subfield code="a">(DCFGES)10101069</subfield>
  </datafield>
  <datafield tag="035" ind1=" " ind2=" ">
    <subfield code="a">193387</subfield>
  </datafield>
  <datafield tag="040" ind1=" " ind2=" ">
    <subfield code="a">DFo</subfield>
    <subfield code="c">UXG</subfield>
    <subfield code="d">UXG</subfield>
    <subfield code="d">UtOrBLW</subfield>
  </datafield>
  <datafield tag="043" ind1=" " ind2=" ">
    <subfield code="a">e-uk-en</subfield>
  </datafield>
  <datafield tag="100" ind1="1" ind2=" ">
    <subfield code="a">Molyneux, Daniel,</subfield>
    <subfield code="d">active 1624,</subfield>
    <subfield code="e">author.</subfield>
  </datafield>
  <datafield tag="245" ind1="1" ind2="0">
    <subfield code="a">Pedigree of the dukes of Norfolk, Earls Marshal</subfield>
    <subfield code="h">[manuscript],</subfield>
    <subfield code="f">1624.</subfield>
  </datafield>
  <datafield tag="300" ind1=" " ind2=" ">
    <subfield code="a">1 item (1 membrane)</subfield>
  </datafield>
  <datafield tag="336" ind1=" " ind2=" ">
    <subfield code="a">text</subfield>
    <subfield code="b">txt</subfield>
    <subfield code="2">rdacontent</subfield>
  </datafield>
  <datafield tag="337" ind1=" " ind2=" ">
    <subfield code="a">unmediated</subfield>
    <subfield code="b">n</subfield>
    <subfield code="2">rdamedia</subfield>
  </datafield>
  <datafield tag="340" ind1=" " ind2=" ">
    <subfield code="a">Manuscript on vellum.</subfield>
  </datafield>
  <datafield tag="510" ind1="4" ind2=" ">
    <subfield code="a">Ricci, S. de. Census of medieval and Renaissance manuscripts in the United States and Canada (suppl.),</subfield>
    <subfield code="c">4691</subfield>
  </datafield>
  <datafield tag="520" ind1=" " ind2=" ">
    <subfield code="a">By Daniel Molyneux, Ulster King of Arms, showing the descent of the title from Roger Bigod, earl of Norfolk, d. 1305, through Brotherton and Mowbray to Howard, ending with the children of Thomas Howard, 4th duke, attained 1572.</subfield>
  </datafield>
  <datafield tag="561" ind1="1" ind2=" ">
    <subfield code="a">Provenance: Phillipps MS.</subfield>
  </datafield>
  <datafield tag="600" ind1="3" ind2="0">
    <subfield code="a">Norfolk, Dukes of</subfield>
    <subfield code="0">sh 85092410</subfield>
    <subfield code="v">Manuscripts.</subfield>
  </datafield>
  <datafield tag="600" ind1="3" ind2="0">
    <subfield code="a">Bigod family</subfield>
    <subfield code="v">Manuscripts.</subfield>
  </datafield>
  <datafield tag="600" ind1="3" ind2="0">
    <subfield code="a">Howard family</subfield>
    <subfield code="0">sh 85062656</subfield>
    <subfield code="v">Manuscripts.</subfield>
  </datafield>
  <datafield tag="655" ind1=" " ind2="7">
    <subfield code="a">Manuscripts (documents)</subfield>
    <subfield code="0">300028569</subfield>
    <subfield code="2">aat</subfield>
  </datafield>
  <datafield tag="655" ind1=" " ind2="7">
    <subfield code="a">Genealogies.</subfield>
    <subfield code="0">cv01398</subfield>
    <subfield code="2">rbmscv</subfield>
  </datafield>
  <datafield tag="700" ind1="1" ind2=" ">
    <subfield code="a">Phillipps, Thomas,</subfield>
    <subfield code="c">Sir,</subfield>
    <subfield code="d">1792-1872,</subfield>
    <subfield code="0">n  50078542,</subfield>
    <subfield code="e">former owner.</subfield>
    <subfield code="5">DFo</subfield>
  </datafield>
  <datafield tag="710" ind1="2" ind2=" ">
    <subfield code="a">College of Arms (England and Wales)</subfield>
    <subfield code="0">no2009111206</subfield>
  </datafield>
  <datafield tag="752" ind1=" " ind2=" ">
    <subfield code="a">Great Britain</subfield>
    <subfield code="b">England</subfield>
    <subfield code="c">Norfolk.</subfield>
  </datafield>
  <datafield tag="852" ind1="8" ind2=" ">
    <subfield code="a">US-DFo</subfield>
    <subfield code="b">DeckC-Rare</subfield>
    <subfield code="h">X.d.392</subfield>
    <subfield code="x">JFP</subfield>
    <subfield code="7">258260</subfield>
    <subfield code="j">3691</subfield>
  </datafield>
  <datafield tag="909" ind1="C" ind2="O">
    <subfield code="o">oai:catalog.folger.edu:193387</subfield>
    <subfield code="p">GLOBAL_SET</subfield>
  </datafield>
  <datafield tag="980" ind1=" " ind2=" ">
    <subfield code="a">BIB</subfield>
  </datafield>
  <datafield tag="983" ind1=" " ind2=" ">
    <subfield code="a">Vault</subfield>
  </datafield>
  <datafield tag="994" ind1=" " ind2=" ">
    <subfield code="a">C0</subfield>
    <subfield code="b">UXG</subfield>
  </datafield>
</record>
<record>
  <controlfield tag="000">01899ctm\a2200361Ki\4500</controlfield>
  <controlfield tag="001">227480</controlfield>
  <controlfield tag="005">20251009102153.0</controlfield>
  <controlfield tag="008">090812m15861587enk\\\\\\\\\\\000\0\lat\d</controlfield>
  <datafield tag="035" ind1=" " ind2=" ">
    <subfield code="a">(OCoLC)ocn430230187</subfield>
  </datafield>
  <datafield tag="035" ind1=" " ind2=" ">
    <subfield code="a">(OCoLC)430230187</subfield>
  </datafield>
  <datafield tag="040" ind1=" " ind2=" ">
    <subfield code="a">DFo</subfield>
    <subfield code="c">UXG</subfield>
    <subfield code="d">UtOrBLW</subfield>
  </datafield>
  <datafield tag="043" ind1=" " ind2=" ">
    <subfield code="a">e-uk-en</subfield>
  </datafield>
  <datafield tag="100" ind1="1" ind2=" ">
    <subfield code="a">Bacon, Nicholas,</subfield>
    <subfield code="d">approximately 1543-1624,</subfield>
    <subfield code="0">no2008059644,</subfield>
    <subfield code="e">author.</subfield>
  </datafield>
  <datafield tag="245" ind1="1" ind2="0">
    <subfield code="a">Sheriff's account roll of Sir Nicholas Bacon, Norfolk, England</subfield>
    <subfield code="h">[manuscript],</subfield>
    <subfield code="f">1586 Michaelmas-1587 Michaelmas.</subfield>
  </datafield>
  <datafield tag="300" ind1=" " ind2=" ">
    <subfield code="a">1 roll (3 membranes)</subfield>
  </datafield>
  <datafield tag="336" ind1=" " ind2=" ">
    <subfield code="a">text</subfield>
    <subfield code="b">txt</subfield>
    <subfield code="2">rdacontent</subfield>
  </datafield>
  <datafield tag="337" ind1=" " ind2=" ">
    <subfield code="a">unmediated</subfield>
    <subfield code="b">n</subfield>
    <subfield code="2">rdamedia</subfield>
  </datafield>
  <datafield tag="340" ind1=" " ind2=" ">
    <subfield code="a">Manuscript on vellum.</subfield>
  </datafield>
  <datafield tag="500" ind1=" " ind2=" ">
    <subfield code="a">This is a PRELIMINARY RECORD. It contains unverified data from catalog cards and may contain incorrect or incomplete information. Please email catalog@folger.edu for assistance.</subfield>
    <subfield code="5">DFo</subfield>
  </datafield>
  <datafield tag="510" ind1="4" ind2=" ">
    <subfield code="a">Ricci, S. de. Census of medieval and Renaissance manuscripts in the United States and Canada,</subfield>
    <subfield code="c">1330.1</subfield>
  </datafield>
  <datafield tag="520" ind1=" " ind2=" ">
    <subfield code="a">Sir Nicholas Bacon's account as sheriff of Norfolk, as on Pipe Roll.</subfield>
  </datafield>
  <datafield tag="530" ind1=" " ind2=" ">
    <subfield code="a">Also available on microfilm.</subfield>
  </datafield>
  <datafield tag="546" ind1=" " ind2=" ">
    <subfield code="a">In Latin.</subfield>
  </datafield>
  <datafield tag="555" ind1="0" ind2=" ">
    <subfield code="a">For a fuller description, see online finding aid.</subfield>
  </datafield>
  <datafield tag="561" ind1="1" ind2=" ">
    <subfield code="a">Bernard Halliday.</subfield>
  </datafield>
  <datafield tag="581" ind1=" " ind2=" ">
    <subfield code="a">Bacon, Nathaniel. Papers of Nathaniel Bacon of Stiffkey, 1990, v. 3, p. 34-35.</subfield>
  </datafield>
  <datafield tag="655" ind1=" " ind2="0">
    <subfield code="a">Manuscripts, Latin.</subfield>
  </datafield>
  <datafield tag="655" ind1=" " ind2="7">
    <subfield code="a">Manuscripts (documents)</subfield>
    <subfield code="0">300028569</subfield>
    <subfield code="2">aat</subfield>
  </datafield>
  <datafield tag="700" ind1="1" ind2=" ">
    <subfield code="a">Halliday, Bernard,</subfield>
    <subfield code="e">former owner.</subfield>
    <subfield code="5">DFo</subfield>
  </datafield>
  <datafield tag="710" ind1="1" ind2=" ">
    <subfield code="a">Norfolk (England).</subfield>
    <subfield code="b">Sheriff.</subfield>
    <subfield code="0">no2009125186</subfield>
  </datafield>
  <datafield tag="752" ind1=" " ind2=" ">
    <subfield code="a">Great Britain</subfield>
    <subfield code="b">England</subfield>
    <subfield code="c">Norfolk.</subfield>
  </datafield>
  <datafield tag="852" ind1="8" ind2=" ">
    <subfield code="a">US-DFo</subfield>
    <subfield code="b">DeckC-Rare</subfield>
    <subfield code="h">Z.d.19</subfield>
    <subfield code="x">JFP</subfield>
    <subfield code="7">259156</subfield>
    <subfield code="j">cs1330</subfield>
  </datafield>
  <datafield tag="909" ind1="C" ind2="O">
    <subfield code="o">oai:catalog.folger.edu:227480</subfield>
    <subfield code="p">GLOBAL_SET</subfield>
  </datafield>
  <datafield tag="980" ind1=" " ind2=" ">
    <subfield code="a">BIB</subfield>
  </datafield>
  <datafield tag="983" ind1=" " ind2=" ">
    <subfield code="a">Vault</subfield>
  </datafield>
  <datafield tag="994" ind1=" " ind2=" ">
    <subfield code="a">C0</subfield>
    <subfield code="b">UXG</subfield>
  </datafield>
</record>
<record>
  <controlfield tag="000">02469ctc\a2200421Ki\4500</controlfield>
  <controlfield tag="001">193512</controlfield>
  <controlfield tag="005">20251009095846.0</controlfield>
  <controlfield tag="008">040805i15111631enk\\\\\\\\\\\000\0\eng\d</controlfield>
  <datafield tag="035" ind1=" " ind2=" ">
    <subfield code="a">(OCoLC)ocn464261382</subfield>
  </datafield>
  <datafield tag="035" ind1=" " ind2=" ">
    <subfield code="a">(OCoLC)464261382</subfield>
  </datafield>
  <datafield tag="035" ind1=" " ind2=" ">
    <subfield code="a">(DCFGES)10102262</subfield>
  </datafield>
  <datafield tag="035" ind1=" " ind2=" ">
    <subfield code="a">193512</subfield>
  </datafield>
  <datafield tag="040" ind1=" " ind2=" ">
    <subfield code="a">DFo</subfield>
    <subfield code="c">UXG</subfield>
    <subfield code="d">UtOrBLW</subfield>
  </datafield>
  <datafield tag="043" ind1=" " ind2=" ">
    <subfield code="a">e-uk-en</subfield>
  </datafield>
  <datafield tag="049" ind1=" " ind2=" ">
    <subfield code="a">UXGA</subfield>
  </datafield>
  <datafield tag="110" ind1="1" ind2=" ">
    <subfield code="a">Lopham (England).</subfield>
    <subfield code="b">Manorial Court.</subfield>
    <subfield code="0">no2009179866</subfield>
  </datafield>
  <datafield tag="245" ind1="1" ind2="0">
    <subfield code="a">Court rolls for courts general and courts leet of the manor of Lopham, Norfolk</subfield>
    <subfield code="h">[manuscript],</subfield>
    <subfield code="f">1511-1631.</subfield>
  </datafield>
  <datafield tag="300" ind1=" " ind2=" ">
    <subfield code="a">8 items.</subfield>
  </datafield>
  <datafield tag="336" ind1=" " ind2=" ">
    <subfield code="a">text</subfield>
    <subfield code="b">txt</subfield>
    <subfield code="2">rdacontent</subfield>
  </datafield>
  <datafield tag="337" ind1=" " ind2=" ">
    <subfield code="a">unmediated</subfield>
    <subfield code="b">n</subfield>
    <subfield code="2">rdamedia</subfield>
  </datafield>
  <datafield tag="340" ind1=" " ind2=" ">
    <subfield code="a">Manuscript on vellum.</subfield>
  </datafield>
  <datafield tag="500" ind1=" " ind2=" ">
    <subfield code="a">8 rolls, all the membranes loose, and with some gaps: (1) 1511-1525, 21 membranes; (2) 1525-1534, 21 membranes; (3) 1534-1547, 35 membranes; (4) 1547-1558, 26 membranes;  (5) 1569-1571, 1588-1589, 1597-1602, 27 membranes;  (6) 1603-1607, 27 membranes;  (7) 1617-1623, 45 membranes;  (8) 1625-1631, 39 membranes.</subfield>
  </datafield>
  <datafield tag="510" ind1="4" ind2=" ">
    <subfield code="a">Ricci, S. de. Census of medieval and Renaissance manuscripts in the United States and Canada,</subfield>
    <subfield code="c">1446.1</subfield>
  </datafield>
  <datafield tag="520" ind1=" " ind2=" ">
    <subfield code="a">For courts held by the dukes of Norfolk.</subfield>
  </datafield>
  <datafield tag="530" ind1=" " ind2=" ">
    <subfield code="a">X.d.57 (5 &amp; 6) also available as a digital reproduction.</subfield>
  </datafield>
  <datafield tag="583" ind1="0" ind2=" ">
    <subfield code="a">revised</subfield>
    <subfield code="c">2015-11</subfield>
    <subfield code="k">EEW</subfield>
    <subfield code="n">1</subfield>
    <subfield code="o">link</subfield>
    <subfield code="x">Luna</subfield>
    <subfield code="2">local</subfield>
    <subfield code="5">DFo</subfield>
  </datafield>
  <datafield tag="650" ind1=" " ind2="0">
    <subfield code="a">Manorial courts</subfield>
    <subfield code="0">sh 85080610</subfield>
    <subfield code="z">England</subfield>
    <subfield code="0">n  82068148</subfield>
    <subfield code="z">Lopham</subfield>
    <subfield code="y">16th century</subfield>
    <subfield code="v">Manuscripts.</subfield>
  </datafield>
  <datafield tag="650" ind1=" " ind2="0">
    <subfield code="a">Manorial courts</subfield>
    <subfield code="0">sh 85080610</subfield>
    <subfield code="z">England</subfield>
    <subfield code="0">n  82068148</subfield>
    <subfield code="z">Lopham</subfield>
    <subfield code="y">17th century</subfield>
    <subfield code="v">Manuscripts.</subfield>
  </datafield>
  <datafield tag="655" ind1=" " ind2="7">
    <subfield code="a">Manuscripts (documents)</subfield>
    <subfield code="0">300028569</subfield>
    <subfield code="2">aat</subfield>
  </datafield>
  <datafield tag="655" ind1=" " ind2="7">
    <subfield code="a">Judicial records.</subfield>
    <subfield code="0">300027850</subfield>
    <subfield code="2">aat</subfield>
  </datafield>
  <datafield tag="700" ind1="1" ind2=" ">
    <subfield code="a">Norfolk, Thomas Howard,</subfield>
    <subfield code="c">Duke of,</subfield>
    <subfield code="d">1443-1524.</subfield>
    <subfield code="0">no2009005399</subfield>
  </datafield>
  <datafield tag="700" ind1="1" ind2=" ">
    <subfield code="a">Norfolk, Thomas Howard,</subfield>
    <subfield code="c">Duke of,</subfield>
    <subfield code="d">1473-1554.</subfield>
    <subfield code="0">n  94062643 </subfield>
  </datafield>
  <datafield tag="700" ind1="1" ind2=" ">
    <subfield code="a">Norfolk, Thomas Howard,</subfield>
    <subfield code="c">Duke of,</subfield>
    <subfield code="d">1538-1572.</subfield>
    <subfield code="0">n  85144276 </subfield>
  </datafield>
  <datafield tag="752" ind1=" " ind2=" ">
    <subfield code="a">Great Britain</subfield>
    <subfield code="b">England</subfield>
    <subfield code="d">Lopham.</subfield>
  </datafield>
  <datafield tag="852" ind1="8" ind2=" ">
    <subfield code="a">US-DFo</subfield>
    <subfield code="b">DeckC-Rare</subfield>
    <subfield code="h">X.d.57 (1-8)</subfield>
    <subfield code="x">JFP</subfield>
    <subfield code="7">279071</subfield>
    <subfield code="j">cs1446</subfield>
  </datafield>
  <datafield tag="856" ind1="4" ind2="1">
    <subfield code="u">https://digitalcollections.folger.edu/img116209</subfield>
    <subfield code="z">Digital image(s) of Folger Shakespeare Library X.d.57 (1-8)</subfield>
  </datafield>
  <datafield tag="909" ind1="C" ind2="O">
    <subfield code="o">oai:catalog.folger.edu:193512</subfield>
    <subfield code="p">GLOBAL_SET</subfield>
  </datafield>
  <datafield tag="980" ind1=" " ind2=" ">
    <subfield code="a">BIB</subfield>
  </datafield>
  <datafield tag="983" ind1=" " ind2=" ">
    <subfield code="a">Online</subfield>
  </datafield>
  <datafield tag="983" ind1=" " ind2=" ">
    <subfield code="a">Vault</subfield>
  </datafield>
  <datafield tag="994" ind1=" " ind2=" ">
    <subfield code="a">C0</subfield>
    <subfield code="b">UXG</subfield>
  </datafield>
</record>
<record>
  <controlfield tag="000">01041ctm\a2200265Ki\4500</controlfield>
  <controlfield tag="001">245926</controlfield>
  <controlfield tag="005">20260305161708.0</controlfield>
  <controlfield tag="008">110707e16861006enk\\\\\\\\\\\000\0\lat\d</controlfield>
  <datafield tag="035" ind1=" " ind2=" ">
    <subfield code="a">(OCoLC)ocn739704660</subfield>
  </datafield>
  <datafield tag="035" ind1=" " ind2=" ">
    <subfield code="a">(OCoLC)739704660</subfield>
  </datafield>
  <datafield tag="040" ind1=" " ind2=" ">
    <subfield code="a">DFo</subfield>
    <subfield code="e">UXG</subfield>
    <subfield code="c">UXG</subfield>
    <subfield code="d">UtOrBLW</subfield>
  </datafield>
  <datafield tag="043" ind1=" " ind2=" ">
    <subfield code="a">e-uk-en</subfield>
  </datafield>
  <datafield tag="049" ind1=" " ind2=" ">
    <subfield code="a">UXGA</subfield>
  </datafield>
  <datafield tag="100" ind1="1" ind2=" ">
    <subfield code="a">More, William,</subfield>
    <subfield code="d">1520-1600,</subfield>
    <subfield code="0">no2009101140,</subfield>
    <subfield code="e">author.</subfield>
  </datafield>
  <datafield tag="245" ind1="1" ind2="0">
    <subfield code="a">Feoffment from Richard Fisher, Peter Fisher, John Fisher, and Henry Fisher to Robert Heyward</subfield>
    <subfield code="h">[manuscript],</subfield>
    <subfield code="f">1686 October 6.</subfield>
  </datafield>
  <datafield tag="300" ind1=" " ind2=" ">
    <subfield code="a">1 leaf (1 membrane) ;</subfield>
    <subfield code="c">24 x 36 cm</subfield>
  </datafield>
  <datafield tag="336" ind1=" " ind2=" ">
    <subfield code="a">text</subfield>
    <subfield code="b">txt</subfield>
    <subfield code="2">rdacontent</subfield>
  </datafield>
  <datafield tag="337" ind1=" " ind2=" ">
    <subfield code="a">unmediated</subfield>
    <subfield code="b">n</subfield>
    <subfield code="2">rdamedia</subfield>
  </datafield>
  <datafield tag="340" ind1=" " ind2=" ">
    <subfield code="a">MS on vellum.</subfield>
  </datafield>
  <datafield tag="520" ind1="2" ind2=" ">
    <subfield code="a">Concerns land in West Walton, Norfolk, inherited by Richard Fisher and his sons from WIlliam Fisher.</subfield>
  </datafield>
  <datafield tag="546" ind1=" " ind2=" ">
    <subfield code="a">In Latin.</subfield>
  </datafield>
  <datafield tag="655" ind1=" " ind2="7">
    <subfield code="a">Manuscripts (documents)</subfield>
    <subfield code="0">300028569</subfield>
    <subfield code="2">aat</subfield>
  </datafield>
  <datafield tag="655" ind1=" " ind2="7">
    <subfield code="a">Deeds.</subfield>
    <subfield code="2">rbmscv</subfield>
  </datafield>
  <datafield tag="752" ind1=" " ind2=" ">
    <subfield code="a">Great Britain</subfield>
    <subfield code="b">England</subfield>
    <subfield code="d">West Walton.</subfield>
  </datafield>
  <datafield tag="852" ind1="8" ind2=" ">
    <subfield code="a">US-DFo</subfield>
    <subfield code="b">DeckC-Rare</subfield>
    <subfield code="h">Z.c.24 (25)</subfield>
    <subfield code="7">312723</subfield>
    <subfield code="j">cs480</subfield>
    <subfield code="z">Housed in felt wrapper with deed: 65mm x 45mm piece of parchment with two fragmented remnants of wax attached (previously tucked into the folded deed).</subfield>
  </datafield>
  <datafield tag="909" ind1="C" ind2="O">
    <subfield code="o">oai:catalog.folger.edu:245926</subfield>
    <subfield code="p">GLOBAL_SET</subfield>
  </datafield>
  <datafield tag="980" ind1=" " ind2=" ">
    <subfield code="a">BIB</subfield>
  </datafield>
  <datafield tag="983" ind1=" " ind2=" ">
    <subfield code="a">Vault</subfield>
  </datafield>
  <datafield tag="994" ind1=" " ind2=" ">
    <subfield code="a">C0</subfield>
    <subfield code="b">UXG</subfield>
  </datafield>
</record>
<record>
  <controlfield tag="000">01530ctc\a2200289Ki\4500</controlfield>
  <controlfield tag="001">221158</controlfield>
  <controlfield tag="005">20260308003110.0</controlfield>
  <controlfield tag="008">090122i13671686enk\\\\\\\\\\\000\0\eng\d</controlfield>
  <datafield tag="035" ind1=" " ind2=" ">
    <subfield code="a">(OCoLC)ocn299093106</subfield>
  </datafield>
  <datafield tag="035" ind1=" " ind2=" ">
    <subfield code="a">(OCoLC)299093106</subfield>
  </datafield>
  <datafield tag="040" ind1=" " ind2=" ">
    <subfield code="a">DFo</subfield>
    <subfield code="c">UXG</subfield>
    <subfield code="d">UtOrBLW</subfield>
  </datafield>
  <datafield tag="043" ind1=" " ind2=" ">
    <subfield code="a">e-uk-en</subfield>
  </datafield>
  <datafield tag="245" ind1="0" ind2="0">
    <subfield code="a">Muniments of title relating to Norfolk, England</subfield>
    <subfield code="h">[manuscript],</subfield>
    <subfield code="f">1367-1686.</subfield>
  </datafield>
  <datafield tag="300" ind1=" " ind2=" ">
    <subfield code="a">31 items.</subfield>
  </datafield>
  <datafield tag="336" ind1=" " ind2=" ">
    <subfield code="a">text</subfield>
    <subfield code="b">txt</subfield>
    <subfield code="2">rdacontent</subfield>
  </datafield>
  <datafield tag="337" ind1=" " ind2=" ">
    <subfield code="a">unmediated</subfield>
    <subfield code="b">n</subfield>
    <subfield code="2">rdamedia</subfield>
  </datafield>
  <datafield tag="500" ind1=" " ind2=" ">
    <subfield code="a">Each deed cataloged separately.</subfield>
  </datafield>
  <datafield tag="500" ind1=" " ind2=" ">
    <subfield code="a">This is a PRELIMINARY RECORD. It contains unverified data from catalog cards and may contain incorrect or incomplete information. Please email catalog@folger.edu for assistance.</subfield>
    <subfield code="5">DFo</subfield>
  </datafield>
  <datafield tag="520" ind1="2" ind2=" ">
    <subfield code="a">Parishes: Brisley, Caister, Creake, Diss, Hanworth, Helhoughton, Hemsby, Hindringham, Irmingland, Langham, Lopham, Mendham, Methwold, Morston, Norwich, Raynham, Shelton, Shotesham, Stiffkey, Stody, North Tuddenham, West Walton, Eccles, Reepham with Kerdiston.</subfield>
  </datafield>
  <datafield tag="530" ind1=" " ind2=" ">
    <subfield code="a">Also available on microfilm.</subfield>
  </datafield>
  <datafield tag="651" ind1=" " ind2="0">
    <subfield code="a">Norfolk (England)</subfield>
    <subfield code="0">n  83022692</subfield>
    <subfield code="v">Early works to 1800</subfield>
    <subfield code="0">sh 99001366</subfield>
    <subfield code="v">Manuscripts.</subfield>
  </datafield>
  <datafield tag="655" ind1=" " ind2="7">
    <subfield code="a">Manuscripts (documents)</subfield>
    <subfield code="0">300028569</subfield>
    <subfield code="2">aat</subfield>
  </datafield>
  <datafield tag="655" ind1=" " ind2="7">
    <subfield code="a">Deeds.</subfield>
    <subfield code="2">rbmscv</subfield>
  </datafield>
  <datafield tag="752" ind1=" " ind2=" ">
    <subfield code="a">Great Britain</subfield>
    <subfield code="b">England</subfield>
    <subfield code="c">Norfolk.</subfield>
  </datafield>
  <datafield tag="852" ind1="8" ind2=" ">
    <subfield code="a">US-DFo</subfield>
    <subfield code="b">DeckC-Rare</subfield>
    <subfield code="h">Z.c.24 (1-31)</subfield>
    <subfield code="x">JFP</subfield>
    <subfield code="7">250733</subfield>
  </datafield>
  <datafield tag="856" ind1="4" ind2="1">
    <subfield code="u">https://digitalcollections.folger.edu/mf_bib221158-250733</subfield>
    <subfield code="z">Microfilm image(s) of Folger Shakespeare Library Z.c.24 (1-31)</subfield>
  </datafield>
  <datafield tag="909" ind1="C" ind2="O">
    <subfield code="o">oai:catalog.folger.edu:221158</subfield>
    <subfield code="q">GLOBAL_SET</subfield>
  </datafield>
  <datafield tag="980" ind1=" " ind2=" ">
    <subfield code="a">BIB</subfield>
  </datafield>
  <datafield tag="980" ind1=" " ind2=" ">
    <subfield code="a">SEQUESTERED</subfield>
  </datafield>
  <datafield tag="983" ind1=" " ind2=" ">
    <subfield code="a">Vault</subfield>
  </datafield>
  <datafield tag="983" ind1=" " ind2=" ">
    <subfield code="a">Online</subfield>
  </datafield>
  <datafield tag="991" ind1=" " ind2=" ">
    <subfield code="a">SUPPRESSED</subfield>
    <subfield code="z">redundant collection-level records</subfield>
  </datafield>
  <datafield tag="994" ind1=" " ind2=" ">
    <subfield code="a">C0</subfield>
    <subfield code="b">UXG</subfield>
  </datafield>
</record>

</collection>